Le nombre de...version anime - Statistiques

Statistiques générales
  • Ce quiz a été pris 71 fois
  • Le résultat moyen est 16 sur 30
Statistiques - réponses
Question Univers Réponse % Correct
Le nombre de Dragon Ball Dragon Ball 7
89%
Le nombre de grands types de Fruits du Démon One Piece 3
87%
Le nombre de Piliers dans l'Armée des Pourfendeurs au début de l'histoire Démon Slayer 9
87%
Le nombre de Démons à queue Naruto 10
85%
Le nombre de types de Nen Hunter X Hunter 6
82%
Le nombre de Titans primordiaux L'Attaque des Titans 9
82%
Le nombre de Commandements Seven Deadly Sins 10
80%
Le nombre de Badges à obtenir pour participer à laLigue Pokémon Pokémon 8
70%
Le nombre de Classes pour les exorcistes Jujutsu Kaisen 8
69%
Le nombre de Sauts Temporels effectués par Takemichi Tokyo Revengers 10
66%
Le nombre de Capitaines de Divisions des Shinigami Bleach 13
66%
Le nombre de Chasseurs de Dragons au seinde Fairy Tail Fairy Tail 4
66%
Le nombre d'élèves de la Seconde A My Hero Academia 20
62%
Le nombre de Jojo existants Jojo's Bizarre Adventure 8
59%
Le nombre de joueurs composant laGénération Miracle Kuroko's Basket 5
57%
Le nombre d'élèves de la classe E Assassination Classroom 29
52%
Le nombre d'âmes à absorber pour devenir uneDeath Scythe Soul Eater 100
41%
Le nombre de Shinigami connus Death Note 14
41%
Le nombre d'objets du Millenium Yu-Gi-Oh 7
41%
Le nombre de Champions pour les Humains comme pour les Dieux Valkyrie Apocalypse 13
39%
Le nombre d'années que perd Shinichi Détective Conan 11
36%
Le nombre d'enfants vivant à l'orphelinat Grace Field House au début de l'histoire The Promised Neverland 38
31%
Le nombre d'Alchimistes d'état connus Full Metal Alchemist 9
28%
Le nombre de Commandants de l'Association desMonstres One Punch Man 9
28%
Le nombre d'Anges présents dans le canon d'Evangelion Neon Genesis Evangelion 14
26%
Le nombre d'années pendant lesquelles Senkua été pétrifié Dr.Stone 3719
25%
Le nombre de personnes piégées dans le serveurde Sword Art Online Sword Art Online 10000
20%
Le nombre de peuples habitant le Disboard No Game No Life 16
18%
Le nombre d'élèves nommés de la 3ème4 Great Teacher Onizuka 12
16%
Le nombre D'Êtres Suprêmes/ Créateurs de la Guilde d'Ainz Ooal Gown Overlord 41
13%
Aucun quiz correspondant
Distribution des résultats
% des personnes avec chaque résultat
Percentile par nombre de réponses
Votre historique - résultats
Vous n’avez pas pris ce quiz